000 01046nac a22003017a 4500
001 BR9904132
003 BR-BrBNA
005 20240105122303.0
008 230509b bl.|||m| |||| 00| 0 por d
040 _aBR-BrBNA
_bpor
_cBiblioteca Nacional de Agricultura
072 _aH10
090 _a0312 BR9904132
100 1 _aLourencao, A.L.
100 1 _aTeixeira, E.P.
100 1 _aIde, S.
100 1 _aMatthes, L.A.F.
110 1 _aInstituto Agronomico, Campinas, SP (Brasil)
245 1 _aO genero Strategus hope, 1837 como praga de Arecaceae, com especial referencia a Strategus surinamensis Hirtus Sternberg, 1910 (Coleoptera: Scarabaeidae: Dynastinae)
260 3 _aCampinas, SP (Brasil):
_c1999.
300 _a27p.
490 _aBoletim Cientifico - Instituto Agronomico (Brazil)
_vno. 41
_xISSN 0102-2032
500 _aSummaries (En, Pt); 50 ref.; 13 illus.
650 _aPalmeira Oleaginosa
650 _aBesouro
650 _aPraga de Planta
909 _a202312
_bLúcia Elande
_c55
_dLúcia Elande
942 _2AGRIS
_n0
_cMS
999 _c290220
_d290220